[Event "GRE-chT 52nd"]
[Site "Loutraki"]
[Date "2025.06.28"]
[Round "1.39"]
[White "Manolopoulos, Christos"]
[Black "Giannopoulos, Panagiotis N"]
[Result "0-1"]
[WhiteElo "1644"]
[BlackElo "1572"]
[PlyCount "68"]
[EventDate "2025.06.28"]
[EventType "team-swiss"]
[EventRounds "7"]
[EventCountry "GRE"]
[SourceTitle "CB28_2025"]
[SourceDate "2025.07.09"]
[SourceVersion "1"]
[SourceVersionDate "2025.07.09"]
[SourceQuality "1"]
[WhiteTeam "Kallitheas"]
[BlackTeam "Neas Filadelfeias"]
[WhiteTeamCountry "GRE"]
[BlackTeamCountry "GRE"]

1. e4 e5 2. Nf3 Nc6 3. Bb5 a6 4. Ba4 d6 5. 0-0 Bg4 6. h3 Bh5 7. d3 b5 8. Bb3 Nd4 9. g4 Nxb3 10. axb3 Bg6 11. Nc3 Nf6 12. d4 b4 13. dxe5 dxe5 14. Qxd8+ Rxd8 15. g5 bxc3 16. gxf6 gxf6 17. Re1 Bb4 18. Re3 Rd1+ 19. Kh2 cxb2 20. Bxb2 Rxa1 21. Bxa1 Bc5 22. Re2 Bh5 23. b4 Bxf3 24. Re1 Bxb4 25. Rb1 Be7 26. Bc3 Bxe4 27. Ba5 Kd7 28. Rd1+ Bd6 29. c4 Bf3 30. Rd2 e4+ 31. Kg1 Rb8 32. Bb4 Rxb4 33. c5 Rb1+ 34. Rd1 Rxd1# 0-1

[Event "GRE-chT 51st"]
[Site "Trikala"]
[Date "2024.07.10"]
[Round "7.10"]
[White "Kiryttopoulos, Ioannis"]
[Black "Manolopoulos, Christos"]
[Result "1-0"]
[WhiteElo "1921"]
[BlackElo "1630"]
[PlyCount "67"]
[EventDate "2024.07.04"]
[EventType "team-swiss"]
[EventRounds "7"]
[EventCountry "GRE"]
[SourceTitle "CBM 221 Extra"]
[Source "ChessBase"]
[SourceDate "2024.09.30"]
[SourceVersion "1"]
[SourceVersionDate "2024.09.30"]
[SourceQuality "1"]
[WhiteTeam "Evoiki ES"]
[BlackTeam "Kallithea"]
[WhiteTeamCountry "GRE"]
[BlackTeamCountry "GRE"]

1. e4 c5 2. Nf3 e6 3. d4 cxd4 4. Nxd4 Nc6 5. Nc3 Qc7 6. a3 a6 7. Nxc6 bxc6 8. Qg4 Nf6 9. Qg3 Qxg3 10. hxg3 d5 11. Bd3 h6 12. f3 g6 13. Bf4 Nh5 14. Be5 Bg7 15. Rxh5 Bxe5 16. Rxe5 f6 17. exd5 fxe5 18. Bxg6+ Ke7 19. dxc6 Rg8 20. Be4 Rxg3 21. Kf2 Rg8 22. b4 Rb8 23. Rb1 Kd6 24. a4 a5 25. Rd1+ Kc7 26. Nb5+ Kb6 27. c7 Bb7 28. Rd6+ Bc6 29. Rxc6+ Kb7 30. cxb8Q+ Kxb8 31. bxa5 Rg7 32. Rxe6 Rd7 33. Re8+ Rd8 34. Rxd8# 1-0

[Event "GRE-chT 51st"]
[Site "Trikala"]
[Date "2024.07.09"]
[Round "6.10"]
[White "Manolopoulos, Christos"]
[Black "Rakitzis, Alexanter Emmanouel"]
[Result "1/2-1/2"]
[WhiteElo "1630"]
[BlackElo "1686"]
[PlyCount "121"]
[EventDate "2024.07.04"]
[EventType "team-swiss"]
[EventRounds "7"]
[EventCountry "GRE"]
[SourceTitle "CBM 221 Extra"]
[Source "ChessBase"]
[SourceDate "2024.09.30"]
[SourceVersion "1"]
[SourceVersionDate "2024.09.30"]
[SourceQuality "1"]
[WhiteTeam "Kallithea"]
[BlackTeam "OFI"]
[WhiteTeamCountry "GRE"]
[BlackTeamCountry "GRE"]

1. e4 c5 2. Nf3 e6 3. c3 d5 4. exd5 Qxd5 5. d4 Nf6 6. Be2 Nc6 7. 0-0 cxd4 8. cxd4 Be7 9. Nc3 Qd7 10. h3 Nd5 11. Bc4 Nb6 12. Bb5 0-0 13. Be3 f5 14. Ne5 Qc7 15. f4 a6 16. Bxc6 bxc6 17. Rc1 Qd6 18. Rf2 Bb7 19. Qb3 Bd8 20. Na4 Qd5 21. Nxb6 Qxb3 22. axb3 Bxb6 23. Nd7 Bc7 24. Nxf8 Kxf8 25. g3 Ke7 26. Bd2 Rd8 27. Bc3 Rd5 28. Re2 Kf6 29. Rce1 Bc8 30. b4 Bd7 31. Kf2 h5 32. h4 g6 33. Ra1 Bc8 34. Rae1 Bd7 35. b3 Ke7 36. Ra2 Bc8 37. Rc1 Kd7 38. Re2 Ke8 39. Bb2 Bd7 40. Rc5 Rd6 41. Rc1 Rd5 42. Ra1 Bc8 43. Rc2 Kd7 44. Rac1 Bb7 45. Re1 Bc8 46. Ke3 Rb5 47. Bc3 Bd6 48. Rec1 Bb7 49. Rb2 Bxb4 50. Bxb4 Rxb4 51. Rc4 Rb5 52. Rc5 Kd6 53. Rxb5 cxb5 54. Kd3 Be4+ 55. Kc3 Kc6 56. Ra2 Kb6 57. b4 Bd5 58. Ra1 Be4 59. Rc1 Bd5 60. Ra1 Kb7 61. Rc1 1/2-1/2

[Event "GRE-chT 51st"]
[Site "Trikala"]
[Date "2024.07.08"]
[Round "5.10"]
[White "Vergis, Panagiotis"]
[Black "Manolopoulos, Christos"]
[Result "1/2-1/2"]
[WhiteElo "1596"]
[BlackElo "1630"]
[PlyCount "94"]
[EventDate "2024.07.04"]
[EventType "team-swiss"]
[EventRounds "7"]
[EventCountry "GRE"]
[SourceTitle "CBM 221 Extra"]
[Source "ChessBase"]
[SourceDate "2024.09.30"]
[SourceVersion "1"]
[SourceVersionDate "2024.09.30"]
[SourceQuality "1"]
[WhiteTeam "Kerkyrae"]
[BlackTeam "Kallithea"]
[WhiteTeamCountry "GRE"]
[BlackTeamCountry "GRE"]

1. e4 c5 2. Nf3 e6 3. d4 cxd4 4. Nxd4 Nc6 5. Be2 Qc7 6. Nc3 a6 7. 0-0 Nf6 8. Be3 Be7 9. f4 d6 10. Qd2 0-0 11. Rad1 Rd8 12. Nxc6 bxc6 13. Bf3 d5 14. e5 Nd7 15. Qf2 Rb8 16. b3 c5 17. Bxd5 Nb6 18. Be4 Rxd1 19. Rxd1 c4 20. Qd2 Bb7 21. Kh1 Rd8 22. Qe1 Bb4 23. Rxd8+ Qxd8 24. Bxb7 cxb3 25. axb3 Qc7 26. Nb5 Qxb7 27. Qxb4 Nd5 28. Qe4 axb5 29. h3 Qc7 30. c4 bxc4 31. bxc4 Ne7 32. Qa8+ Nc8 33. c5 f6 34. c6 Qd8 35. Bb6 Qf8 36. Bc5 Qxc5 37. Qxc8+ Kf7 38. Qd7+ Kg6 39. Qd3+ f5 40. Qg3+ Kf7 41. Qf3 g6 42. h4 h5 43. Qg3 Qxc6 44. Qg5 Qe8 45. Qf6+ Kg8 46. Kg1 Qf7 47. Qxf7+ Kxf7 1/2-1/2

[Event "GRE-ch U12"]
[Site "Peristeri"]
[Date "2024.06.27"]
[Round "8"]
[White "Manolopoulos, Christos"]
[Black "Tzimas, Konstantinos"]
[Result "1/2-1/2"]
[WhiteElo "1641"]
[BlackElo "1547"]
[PlyCount "85"]
[EventDate "2024.06.22"]
[EventType "swiss"]
[EventRounds "9"]
[EventCountry "GRE"]
[SourceTitle "EXT 2025"]
[Source "ChessBase"]
[SourceDate "2024.10.14"]
[SourceVersion "1"]
[SourceVersionDate "2024.10.14"]
[SourceQuality "1"]

1. e4 c5 2. Nf3 d6 3. Bb5+ Bd7 4. Bxd7+ Qxd7 5. 0-0 Nf6 6. Qe2 Nc6 7. c3 0-0-0 8. d4 e6 9. Rd1 d5 10. e5 Ne4 11. Nbd2 Nxd2 12. Bxd2 h6 13. Rac1 Kb8 14. Rc2 g5 15. h3 Rg8 16. g4 Be7 17. Be3 c4 18. Rb1 f5 19. exf6 Bxf6 20. b3 Na5 21. bxc4 Nxc4 22. Rb3 Ka8 23. Ne5 Bxe5 24. dxe5 Rb8 25. Bd4 Rgc8 26. Rc1 Qa4 27. Rcb1 b5 28. Qd1 a5 29. Kg2 Rf8 30. Rxb5 Qxd1 31. Rxb8+ Rxb8 32. Rxd1 Rb2 33. a4 Kb7 34. Kg3 Re2 35. f4 gxf4+ 36. Kxf4 Re4+ 37. Kf3 Nxe5+ 38. Bxe5 Rxe5 39. h4 Kc6 40. Rd4 Kd6 41. Rd1 Kc5 42. Rd4 Kd6 43. Rd1 1/2-1/2

[Event "GRE-ch U12"]
[Site "Peristeri"]
[Date "2024.06.25"]
[Round "6"]
[White "Manolopoulos, Christos"]
[Black "Ilias, Nikolaos"]
[Result "1/2-1/2"]
[WhiteElo "1641"]
[BlackElo "1530"]
[PlyCount "78"]
[EventDate "2024.06.22"]
[EventType "swiss"]
[EventRounds "9"]
[EventCountry "GRE"]
[SourceTitle "EXT 2025"]
[Source "ChessBase"]
[SourceDate "2024.10.14"]
[SourceVersion "1"]
[SourceVersionDate "2024.10.14"]
[SourceQuality "1"]

1. e4 c5 2. c3 d5 3. exd5 Qxd5 4. d4 g6 5. Nf3 Bg7 6. Be2 Nc6 7. Be3 cxd4 8. cxd4 Nf6 9. Nc3 Qd8 10. 0-0 0-0 11. h3 Nb4 12. Qd2 Nbd5 13. Bh6 Be6 14. Bxg7 Kxg7 15. Ng5 Bd7 16. Nce4 h6 17. Nxf6 Nxf6 18. Nf3 Bc6 19. Ne5 Qd6 20. Nxc6 bxc6 21. Rfd1 Rad8 22. Qc2 Qe6 23. Bf3 Rd6 24. Qc5 Rd7 25. Re1 Qd6 26. Qxd6 exd6 27. Bxc6 Rc7 28. d5 Rb8 29. b3 Ng8 30. Rac1 Rbc8 31. b4 Ne7 32. b5 Nxd5 33. Red1 Nf4 34. Rc4 Ne6 35. Rxd6 Nd8 36. Ra4 Nxc6 37. Rxc6 Rxc6 38. bxc6 Rc7 39. f3 Kf6 1/2-1/2

[Event "GRE-ch U12"]
[Site "Peristeri"]
[Date "2024.06.22"]
[Round "1"]
[White "Manolopoulos, Christos"]
[Black "Diakoloukas, Theodosios"]
[Result "1-0"]
[WhiteElo "1641"]
[BlackElo "1405"]
[PlyCount "107"]
[EventDate "2024.06.22"]
[EventType "swiss"]
[EventRounds "9"]
[EventCountry "GRE"]
[SourceTitle "EXT 2025"]
[Source "ChessBase"]
[SourceDate "2024.10.14"]
[SourceVersion "1"]
[SourceVersionDate "2024.10.14"]
[SourceQuality "1"]

1. e4 e5 2. Nf3 Nc6 3. Bb5 a6 4. Ba4 Nge7 5. 0-0 Ng6 6. d3 d5 7. exd5 Qxd5 8. Nc3 Qd8 9. Re1 b5 10. Bb3 Bd6 11. Ng5 Qd7 12. Bxf7+ Kd8 13. Be6 Qe7 14. Nf7+ Ke8 15. Nxh8 Qxe6 16. Nxg6 Qxg6 17. Qf3 Bb7 18. Be3 Rb8 19. Qg3 Qxg3 20. hxg3 Nb4 21. Re2 Kd7 22. a3 Nc6 23. Ne4 Nd4 24. Bxd4 exd4 25. Nxd6 Kxd6 26. Rae1 c5 27. Re6+ Kc7 28. Re7+ Kb6 29. Rxg7 c4 30. dxc4 bxc4 31. Rxh7 Rd8 32. Rd1 d3 33. cxd3 cxd3 34. Re7 Bc8 35. Re5 Bg4 36. f3 Bc8 37. g4 a5 38. Kf2 Ba6 39. Ke3 Bc4 40. g3 a4 41. f4 Rg8 42. Rxd3 Bxd3 43. Kxd3 Rxg4 44. Rg5 Rxg5 45. fxg5 Kc6 46. Kc4 Kd6 47. Kb4 Ke5 48. g4 Ke6 49. Kxa4 Kf7 50. b4 Kg6 51. b5 Kxg5 52. b6 Kxg4 53. b7 Kf5 54. b8Q 1-0

[Event "GRE-ch U12"]
[Site "Peristeri"]
[Date "2023.07.04"]
[Round "3"]
[White "Paterakis, Panagiotis Emm"]
[Black "Manolopoulos, Christos"]
[Result "0-1"]
[WhiteElo "1069"]
[BlackElo "1305"]
[PlyCount "88"]
[EventDate "2023.07.03"]
[EventType "swiss"]
[EventRounds "9"]
[EventCountry "GRE"]
[SourceTitle "EXT 2024"]
[Source "ChessBase"]
[SourceDate "2023.10.10"]
[SourceVersion "1"]
[SourceVersionDate "2023.10.10"]
[SourceQuality "1"]

1. d4 d5 2. Bf4 c5 3. c3 Qb6 4. Qb3 c4 5. Qxb6 axb6 6. e4 Nf6 7. Nd2 b5 8. b3 e6 9. e5 Nfd7 10. Ngf3 Ba3 11. Rb1 Be7 12. Rb2 0-0 13. b4 f6 14. Bg3 fxe5 15. Nxe5 Nxe5 16. dxe5 Bg5 17. Nf3 Bh6 18. Be2 Nc6 19. 0-0 Bf4 20. Re1 Bxg3 21. fxg3 Bd7 22. Bd1 Ra3 23. Nd4 Nxd4 24. cxd4 Rd3 25. Bf3 Rxd4 26. Re3 Be8 27. Ra3 Bg6 28. Ra5 c3 29. Rf2 c2 30. Rxc2 Bxc2 31. Rxb5 Bd1 32. Kf2 Bxf3 33. gxf3 Rd2+ 34. Ke3 Rxa2 35. Rxb7 Ra3+ 36. Kd4 Rfxf3 37. Kc5 Rf2 38. Kd6 Ra6+ 39. Kc5 Rc2+ 40. Kb5 Ra8 41. h4 Rd8 42. Re7 d4 43. Ka4 d3 44. Kb3 Rcc8 0-1